| 000 | 00379nam a2200157Ia 4500 | ||
|---|---|---|---|
| 008 | 221030s9999 xx 000 0 und d | ||
| 020 | _a8120314778 | ||
| 041 | _aEnglish | ||
| 082 |
_a105.23 _bSho |
||
| 100 | _aR. A. Shotwell | ||
| 245 | 3 |
_aAn Introduction to Fibre Optics _cby R. A. Shotwell |
|
| 260 |
_bPHI _aNew Delhi _c1999 |
||
| 300 | _a173 | ||
| 650 | _aECE | ||
| 942 | _cBK | ||
| 999 |
_c4993 _d4993 |
||